Animal's Scientific Name - Statistics

General Stats
  • This quiz has been taken 28 times
  • The average score is 12 of 20
Answer Stats
Hint Explanation Answer % Correct
Homo Sapiens (Genus + Species) From "Human" and "Wise" Human
94%
Canis Lupus (Genus + Species) From "Dog Wolf" Wolf
94%
Bos Taurus (Genus + Species) Literally "Cow Bull" Cattle
88%
Panthera Leo (Genus + Species) "Panther" and "Lion" Lion
88%
Ovis (Genus) "Ovis" is Latin for sheep Sheep
88%
Gallus Gallus (Genus + Species) Latin for "Chicken" Chicken
81%
Pan Troglodytes (Genus + Species) From the Greek god Pan and the mythological humanoid Troglodytae Chimpanzee
81%
Panthera Onca (Genus + Species) Latin of "Panther" and Portugese of "Jaguar" Jaguar
81%
Sus (Genus) "Su" had been commonly used for female swines or wild boars Pig
81%
Lemuroidea (Superfamily) From "Lemur" Lemur
69%
Acinonyx Jubatus (Genus + Species) From "Thorn Claw" and "Dorsal hair" Cheetah
63%
Anura (Order) Means "Alpha Primitive" Frog
56%
Psittaciformes (Order) Is Ancient Greek for Parrot Parrot
50%
Coccinellidae (Family) Derived from "Scarlet" Ladybug
38%
Anisoptera (Infraorder) From "Unequal wings" Dragonfly
31%
Phascolarctos Cinereus (Genus + Species) Greek and Latin for "Ash-Coloured Pouch Bear" Koala
31%
Lophiiformes (Order) From "Monkfish" or "Goosefish" Anglerfish
25%
Architeuthis Dux (Genus + Species) Means "most important squid leader" Giant Squid
25%
Sphyrnidae (Family) From "Hammer" Hammerhead Shark
25%
Vermilingua (Subspecies) Means "Worm Tongue" Anteater
19%
No matching quizzes found
Score Distribution
Percent of People with Each Score
Percentile by Number Answered
Your Score History
You have not taken this quiz